Countries with the Most Volcanoes - Statistics

General Stats
  • This quiz has been taken 91 times
  • The average score is 8 of 10
Answer Stats
Number of Volcanoes Country % Correct
173 United States
100%
139 Indonesia
96%
112 Japan
94%
43 Mexico
89%
104 Chile
88%
166 Russia
85%
50 Philippines
78%
39 Argentina
74%
53 Papua New Guinea
56%
57 Ethiopia
26%
No matching quizzes found
Score Distribution
Percent of People with Each Score
Percentile by Number Answered
Your Score History
You have not taken this quiz